000
00278nam a2200121Ia 4500
008
191201s2014 xx 000 0 und d
100
_a
KHANNA, S K
245
0
_a
Highway Engineering
260
_c
2014
_b
Nem Chand
_a
N. Delhi
300
_a
773
650
_a
CIVIL
942
_2
ddc
_c
BB
999
_c
7702
_d
7702